Sports Quiz

Random Sports or MLB Quiz

Most HR since 1933, non-All Stars Quiz Stats

 Plays Quiz not verified by Sporcle

Score 0/25 Timer 15:00
0 Plays Today
Home Runs Player % Correct
299Tim Salmon
84.9%
285Pat Burrell
76.6%
265Matt Stairs
54.2%
229Aubrey Huff
52.1%
230Eric Chavez
47.4%
245Deron Johnson
38.5%
196Cliff Johnson
38.5%
284Eric Karros
37%
214Jose Guillen
30.2%
255Kirk Gibson
28.1%
211Kevin McReynolds
27.6%
253Todd Zeile
24%
189Russell Branyan
24%
Home Runs Player % Correct
187Bobby Higginson
24%
204Jose Cruz
18.8%
186Glenallen Hill
18.2%
230Rob Deer
16.7%
249Jose Valentin
15.6%
206Pete Incaviglia
14.1%
189J.T. Snow
12.5%
203Richie Hebner
9.9%
228Hal Trosky
9.4%
210Wally Post
6.3%
200Oscar Gamble
6.3%
189Bob Bailey
3.1%

You're not logged in!

Compare scores with friends on all Sporcle quizzes.
OR
Log In

Sporcle TV

Today on Sporcle TV


Watch our educational content, quiz creation guides, and fun videos on Sporcle TV.

Show Comments

Extras

Top Quizzes Today


Score Distribution

Your Account Isn't Verified!

In order to create a playlist on Sporcle, you need to verify the email address you used during registration. Go to your Sporcle Settings to finish the process.

Report this User

Report this user for behavior that violates our Community Guidelines.

Details: